000 00504ntaaa2200169 4500
003 01
005 20251027201953.0
008 0714s1973 ag 01
040 _aAR-BaBN
_bspa
_cAR-BaBN
_eaacr
_dRIC
082 _a254.0000 Sp2
100 _aSpangenberg, Leonard
_918264
245 _aMinding your church business; a guide for pastors, church officals and active laymen.
250 _a1 ed. :
_bBeacon Hill Press,
_cc/942
300 _a142 p.
650 _aAdministración EclesiÔstica
_91364
942 _cBK
999 _c14451
_d14451